000 00382 a2200169 4500
001 17065
020 _a9788526257368
040 _cAnchieta - Bela Vista
100 _aBraz, Júlio Emílio
240 1 0 _aO sapo e a princesa
_lpor
245 1 0 _aO sapo e a princesa
300 _a23
362 0 _a2005
440 1 _aScipione
650 4 _aLiteratura infanto-juvenil
942 _cBK
999 _c17065
_d17065